000 01301nam a2200241 i 4500
001 169754
003 ES-MaACL
005 20231227160948.0
008 081121s1950 sp f |||| | spa d
080 _a821.134.2-23"19"
100 1 _aBenavente, Jacinto,
_d1866-1954
_927443
245 1 0 _aObras completas
_b: con una nota preliminar del autor [en el tomo I] /
_cJacinto Benavente.
250 _a4ª ed.
260 _aMadrid :
_bAguilar,
_c1950.
300 _a1 v. (1210 p., [2] h. de lám.) ;
_c14 cm.
490 1 _aJoya
500 _aEn port.: Premio Nobel de Literatura 1922.
505 8 _aContiene: T. II. Los favoritos ; El hombrecito ; Por qué se ama ; Mademoiselle de Belle-Isle ; Al natural ; La casa de la dicha ; No fumadores ; Richelieu ; El dragón de fuego ; La Princesa Bebé ; Rosas de otoño ; Buena boda ; El susto de la condesa ; Cuento inmoral ; Los malhechores del bien ; La sobresalienta ; Las cigarras hormigas ; Más fuerte que el amor ; Manón Lescaut ; El amor asusta ; Los buhos ; Abuela y nieta ; La copa encantada.
599 _aLám.: Caricatura del autor, original de Santana Bonilla ; Comentario autógr. del autor.
830 0 _aJoya
_9188875
852 _aES-MaACL
_jE-12324
_z. - Biblioteca Jacinto Martínez Lacalle
999 _c169754
_d169754